000 00639nam a22002177a 4500
003 UA-OsUOA
001 116788
007 ta
008 20160404b un ||||| |||| 00| 0 ukr d
100 _aДеревінський В.
090 _a32
_bД36
942 _cSA
040 _aUA-OsUOA
_bukr
_cUA-OsUOA
_dUA-OsUOA
245 _aКонцепція Миколи Міхновського щодо формування Української держави
300 _aС.86-89
955 _a0
041 _aukr
080 _a32
773 0 _w116784
_tМандрівець
_dТернопіль
_d2015
_g5
650 7 _a32 Політика
_2UDC
999 _c402702
_d402702